000 01226nam a2200313 a 4500
001 ebr10583831
003 CaPaEBR
006 m u
007 cr cn|||||||||
008 120806s2012 maua sb 001 0 eng d
020 _z9781608070909
020 _z9781608070916 (e-book)
040 _aCaPaEBR
_cCaPaEBR
035 _a(OCoLC)808341371
050 1 4 _aQC787.L5
_bH36 2012eb
100 1 _aHanna, Samy.
245 1 0 _aRF linear accelerators for medical and industrial applications
_h[electronic resource] /
_cSamy Hanna.
260 _aBoston :
_bArtech House,
_c2012.
300 _axi, 202 p. :
_bill.
490 1 _aArtech House microwave library
504 _aIncludes bibliographical references and index.
533 _aElectronic reproduction.
_bPalo Alto, Calif. :
_cebrary,
_d2013.
_nAvailable via World Wide Web.
_nAccess may be limited to ebrary affiliated libraries.
650 0 _aLinear accelerators.
650 0 _aLinear accelerators in medicine.
655 7 _aElectronic books.
_2local
710 2 _aebrary, Inc.
830 0 _aArtech House microwave library.
856 4 0 _uhttp://site.ebrary.com/lib/rucke/Doc?id=10583831
_zAn electronic book accessible through the World Wide Web; click to view
999 _c82784
_d82784